000 00598nam a2200205Ia 4500
005 20260415173414.0
008 008 250505s9999 xx 000 0 eng d
020 _a978-3-030-78972-5
037 _aTextBook
040 _aFEDL
_beng
_cFEDL
041 _aeng
_2eng
084 _a001.42 MIS/R
_qFEDL
100 _aMishra Prashant
_91234877
245 0 _aWriting of a thesis in educational research
260 _aNew Delhi, India
_bSarup Book Publishers
_c2022
300 _a259p.
365 _aINR
_b1500
942 _cTB
_h001.42 MIS/R
999 _c1400084
_d1400084